000 00983cam a22002897a 4500
001 16096183
005 20180308082419.0
008 100218s2011 njua 001 0 eng d
010 _a 2010286311
015 _aGBA992400
_2bnb
016 7 _a015375973
_2Uk
020 _a0470473525 (pbk.)
020 _a9780470473528 (pbk.)
035 _a(OCoLC)ocn440116409
040 _aUKM
_cUKM
_dZQP
_dYDXCP
_dDLC
041 _aeng
042 _alccopycat
080 _a338 KEL
100 1 _a54
101 _aMIS
245 1 0 _aIntroduction to information systems /
_cR. Kelly Rainer, Casey G. Cegielski.
246 1 4 _aIntroduction to information systems :
_bsupporting and transforming business
246 3 _aInformation systems :
_bsupporting and transforming business
906 _a7
_bcbc
_ccopycat
_d2
_encip
_f20
_gy-gencatlg
942 _2ddc
_cBK
999 _c44501
_d44501